| 000 | 01605nam a2200301 a 4500 | ||
|---|---|---|---|
| 001 | 000024928 | ||
| 005 | 20210420095436.0 | ||
| 008 | 110208s2005 dr abc 000 0 spa d | ||
| 040 |
_aDO-SdBNP _bspa _cBNPHU |
||
| 041 | 1 | 7 |
_aeng _bfre |
| 082 |
_a972.9 _bC749a |
||
| 111 | 2 |
_aCongreso Internacional de Arquología del Caribe _n(20 : _d2003 : _cSanto Domingo) _951173 |
|
| 245 | 1 | 0 |
_aActas del XX Congreso Internacional de Arqueología del Caribe = Proceedings of the XX International Congress for Caribbean Archaeology = Actes du XXe Congrès International D' Archéologie de la Caraïbe / _ceditores Clenis Tavárez María, Manuel A. Gracía Arévalo. |
| 246 | 3 | 1 | _aProceedings of the XX International Congress for Caribbean Archaeology |
| 246 | 3 | 1 | _aActes du XXe Congrès International D' Archéologie de la Caraïbe |
| 260 |
_aSanto Domingo : _bMuseo del Hombre Dominicano : _bFundación García Arévalo, _c2005. |
||
| 300 |
_a2 v. : _bil., mapas, retrs. ; _c29 cm. |
||
| 504 | _aIncluye referencias bibliográficas y notas al pie de las páginas | ||
| 546 | _aEspañol, inglés, francés | ||
| 650 | 4 |
_aIndígenas de las antillas _xAntiguedades _xCongresos, conferencias, etc. _951174 |
|
| 651 | 4 |
_aAntillas _xAntiguedades _xCongresos, Conferencias, Etc. _951175 |
|
| 651 | 4 |
_aAntillas _xArqueología _xCongresos, Conferencias, Etc. _951176 |
|
| 700 | 1 | 2 |
_aTavárez María, Clenis, _eed. _951177 |
| 700 | 1 | 2 |
_a García Arévalo, Manuel Antonio _d1948- _eed. _959457 |
| 710 | 2 |
_aAsociación Internacional de Arqueología del Caribe _951179 |
|
| 910 | _aValidado. Control de calidad MFF | ||
| 049 | _aBNPD | ||
| 999 |
_c24421 _d24421 |
||